Seg-men-ta-ce a pochopení spotřebitele

Segmentácia podľa veku, pohlavia, príjmu a spoločenskej triedy spotrebiteľov. Proces segmentácie a rozdelenie populácie na charakteristické skupiny. Vývoj v metódach segmentácie a psychografická analýza. Holistický prístup k segmentácii.

Enregistré dans:
Détails bibliographiques
Auteur principal: White, Roderick
Format: Chapitre de livre
Langue:tchèque
Sujets:
Tags: Ajouter un tag
Pas de tags, Soyez le premier à ajouter un tag!

MARC

LEADER 00000naa$a2200000$$$4500
001 0029391
005 20231016104510.6
041 0 |a cze 
044 |a CZ 
245 1 0 |a Seg-men-ta-ce a pochopení spotřebitele  |c Roderick White 
520 |a Segmentácia podľa veku, pohlavia, príjmu a spoločenskej triedy spotrebiteľov. Proces segmentácie a rozdelenie populácie na charakteristické skupiny. Vývoj v metódach segmentácie a psychografická analýza. Holistický prístup k segmentácii. 
610 2 0 |a marketing 
610 2 0 |a marketing priamy 
610 2 0 |a segmentácia trhu 
610 2 0 |a spotrebitelia 
610 2 0 |a analýza štatistická 
610 2 0 |a psychológia 
100 1 |a White, Roderick